000 00735nam a2200265 i 4500
001 C2-0012619
003 PPAK
005 20190630221920.0
008 970129s1993 my a|||| ||||| | may d
020 _a9836237941
040 _aPPAK
_beng
_cPPAK
_erda
082 0 4 _a621.31
_223
090 0 0 _a621.31
_bABD
_dG
090 0 0 _a621.31
_bABD
_dKSA
100 0 _aAbdul Kariem Haji Arof,
_eauthor
245 1 0 _aArus ulang-alik
264 1 _aKuala Lumpur :
_bDewan Bahasa dan Pustaka ,
_c1993
300 _aviii, 120 pages :
_billustrations ;
_c22 cm
336 _2rdacontent
_atext
337 _2rdamedia
_aunmediated
338 _2rdacarrier
_avolume
650 1 0 _aElectric currents, Alternating
700 _eauthor
942 _ddc
_cB
999 _c3229
_d3229